000 02184nam a22002657a 4500
005 20240305165551.0
007 cr|||| ||||
008 201023s2011 do |||||s|||| 00||0 spa d
020 _a978-9945-8715-6-2
035 _a32100
040 _avLex
090 _c10788
_d10788
100 1 _aRodríguez Carpio, Benjamín
245 1 0 _aDerecho Notarial
_h[Recurso electrónico] :
_bTeoría - Práctica - Legislación Fiscal /
_cBenjamín Rodríguez Carpio
250 _a2da. Edición
256 _aServicio en línea
260 _aSanto Domingo:
_bGaceta Judicial,
_c2011
300 _a1 recurso electrónico
500 _aPresentada en un formato atractivo y de fácil lectura, esta obra es básicamente un estudio de la Ley del Notariado, No. 301 de 1964, en el que su autor procura resaltar aquellos aspectos de mayor interés sobre el ejercicio notarial en el medio jurídico dominicano. A fin de satisfacer las necesidades académicas y de consulta de abogados, estudiantes y aspirantes a notarios, se citan algunas leyes que se relacionan con cada artículo de la Ley del Notariado; se incluyen citas doctrinales y jurisprudenciales, así como 23 formularios usuales para la redacción de actos auténticos, tales como: “Acto de pública notoriedad para fines de determinación de herederos”, “Acto de estipulaciones y convenciones para divorcio por mutuo consentimiento”, “Doble Factura de Inscripción Hipotecaria”, “Acto de venta de derechos sucesorales sobre terrenos registrados”, “Acto de donación entre vivos”, “Consentimiento de los padres o abuelos para un menor contraer matrimonio”, entre otros.
506 1 _aDisponible solo en los productos indicados
_dvLex Global
_dvLex Global (Academic Edition, excluding Law Schools)
_dvLex Global (U.S. Academic Edition, Law Schools)
_dvLex Global (U.S. Academic Edition, excluding Law Schools)
_dvLex Global (Academic Edition, Law Schools)
650 0 4 _aResoluciones DG de los Registros y del Notariado
_zRepública Dominicana
740 0 _avLex Libros (Servicio en línea)
856 4 0 _uhttps://app.vlex.com/#/sources/derecho-notarial-teoria-practica-legislacion-fiscal-2da-edicion-32100
942 _cRAA
999 _c169024
_d169024